| 000 | 01313nam0a2200325 4500 | ||
|---|---|---|---|
| 001 | RU\NLR\BIBL_A\011808601 | ||
| 005 | 20181012145250.0 | ||
| 010 |
_a978-5-907049-34-5 _91000 |
||
| 021 |
_aRU _bКН-П-18-063229 _9КН-П-18-4552 |
||
| 035 | _a(NLR Aleph) 011808601 | ||
| 035 | _a(RuMoRGB)009724796 | ||
| 090 |
_a11906007 _c11906007 |
||
| 100 | _a20181003d2018 k y0rusy50 ca | ||
| 101 | 0 | _arus | |
| 102 | _aRU | ||
| 105 | _ay|||z|||000zy | ||
| 200 | 1 |
_aСоциокультурные факторы трансформации экономики _eмонография _fМ. А. Коваженков |
|
| 210 |
_aКурск _cУниверситетская книга _d2018 |
||
| 215 |
_a208 с. _d21 |
||
| 320 | _aБиблиогр.: с. 184-208 (281 назв.) и в подстроч. примеч. | ||
| 606 | 1 |
_aЭкономические системы _xТрансформация _92129702 _3RU\NLR\AUTH\661285001 |
|
| 606 | 1 |
_aЭкономика _xСоциокультурные проблемы _92222625 _3RU\NLR\AUTH\661334512 |
|
| 686 | 1 | _aУ010.5 | |
| 686 | 1 | _aС550.42 | |
| 700 | 1 |
_aКоваженков _bМ. А. _gМихаил Александрович |
|
| 942 | _cBOOK | ||
| 980 | _aNBR | ||
| 980 | _aNB | ||